000
00299nam a22001337a 4500
008
171005b xxu||||| |||| 00| 0 eng d
020
_a
9780195104226
041
_a
eng
080
_2
5TH
_a
159.9
100
_a
49
101
_a
PSI
245
_a
PSYCHIATRIC DIAGNOSIS
_c
GOODWIN,D.W
942
_2
udc
_c
BK
999
_c
32088
_d
32088